000 01106nas a2200337 4500
001 BR2011000481
003 BR-BrBNA
005 20231205114933.0
007 ta
008 230509b bl.|||p| |||| 00| 00por d
040 _aBR-BrBNA
_bpor
_cBiblioteca Nacional de Agricultura
041 _a(Pt)
072 _aQ04; Q03
100 1 _aGonçalves, E.B.
100 1 _aCorrêa, T.B.S.
100 1 _aAssad, E.D.
100 1 _aRodrigues, H. da R.
100 1 _aSano, E.E.
100 1 _aCunha, S.A.R. da
100 1 _aSouza, M. de L.M.
100 1 _aLopes, J.R.H.
245 1 _aValidação intralaboratorial de método por imagem para detecção e quantificação de impurezas em café torrado e moído: cascas e paus como exemplo
650 _aCAFÉ TRATADO
650 _aANÁLISE DE LABORATÓRIO
650 _aNORMALIZAÇÃO
650 _aCONTROLE DE QUALIDADE
650 _aADULTERAÇÃO
773 0 _tBrazilian Journal of Food Technology (Brazil)
_xISSN 1519-0900
_g(Apr-Jun 2007), v. 10(2) p. 144-150
_wBR2011000481
909 _a202311
_bLúcia
_c55
_dLúcia Elande
942 _2AGRIS
_n0
_cANA
999 _c211321
_d211321